| 000 | 00364nam a2200145Ia 4500 | ||
|---|---|---|---|
| 008 | 240624s9999 xx 000 0 und d | ||
| 041 | _aeng | ||
| 082 | _a658.15 KOL | ||
| 100 | _aKOLLER TIM | ||
| 245 | _aVALUATION MEASURING AND MANAGING THE VAL | ||
| 250 | _a(5th ed.) | ||
| 260 |
_c2010 _acompanies _bJohn Wiley and Sons |
||
| 300 | _a768 : p. | ||
| 365 |
_c _b27 |
||
| 999 |
_c15530 _d15530 |
||